Statistiques concernant Les Simpson - Questions aléatoires (5)

Cliquez ici pour prendre le quiz!

Statistiques générales

  • Ce quiz a été pris 135 fois
  • Le résultat moyen est 3 sur 10

Statistiques - réponses

QuestionRéponse% Correct
Quand le chef Wiggum se fait livrer un jetpack par erreur, à qui était réellement destiné le jetpack ?Clancy Wiggins
57%
Qu'y a-t-il de dessiné sur la première carte de Saint-Valentin qu'offre Lisa à Ralph ?un train
48%
Quel animal de compagnie les Simspon n'ont-ils jamais eu chez eux ?un serpent
40%
La règle syndicale n°26 de la centrale indique que chaque employé doit être l'employé de la semaine au moins une fois, quel que soit ses défauts. Trois défauts sont cités, trouver l'intrus :sa pilosité
38%
Quel modèle de voiture possède Chalmers ?une Honda
35%
Quand Homer et Bart font croire à Marge que le véritable Burly est en train de l'appeler, d'où appellent-ils ?de chez Flanders
29%
Quand Homer interdit à Bart d'aller voir le film Itchy & Scratchy au cinéma pour le punir, on voit en fin d'épisode qu'il va finalement le voir avec son père des années plus tard. Combien d'années plus tard est-ce ?40 ans
15%
Avant que Laura Powers et sa mère n'emménagent à côté de chez les Simpson, quelle famille était leur voisin ?les Winfield
15%
Lorsque Lisa triche a un examen mais que l'école reçoit quand même une subvention, de combien cette subvention est-elle ?250 000 $
7%
À quelle édition des jeux ortholympiques participe Lisa ?la 34ème édition
6%

Distribution des résultats

Percentile par nombre de réponses

% des personnes avec chaque résultat

Votre développement - résultats

Vous n’avez pas pris ce quiz